2023-24 EFL League One Table - Statistics

General Stats
  • This quiz has been taken 14 times
  • The average score is 19 of 24
Answer Stats
Place Points Team % Correct
6 76 Barnsley
100%
3 87 Bolton Wanderers
100%
5 77 Oxford United
100%
4 84 Peterborough United
100%
20 46 Burton Albion
91%
2 92 Derby County
91%
1 97 Portsmouth
91%
23 41 Port Vale
91%
8 73 Blackpool
82%
15 57 Bristol Rovers
82%
18 48 Cambridge United
82%
16 53 Charlton Athletic
82%
7 74 Lincoln City
82%
12 62 Wigan Athletic
82%
22 43 Fleetwood Town
73%
11 65 Leyton Orient
73%
17 53 Reading
73%
9 71 Stevenage
73%
10 65 Wycombe Wanderers
73%
24 30 Carlisle United
64%
21 44 Cheltenham Town
64%
13 61 Exeter City
64%
14 60 Northampton Town
64%
19 48 Shrewsbury Town
64%
No matching quizzes found
Score Distribution
Percent of People with Each Score
Percentile by Number Answered
Your Score History
You have not taken this quiz